| 000 | 01127nam a2200277 i 4500 | ||
|---|---|---|---|
| 001 | 144128 | ||
| 003 | ES-MaACL | ||
| 005 | 20250903053618.0 | ||
| 007 | t| | ||
| 008 | 070214s1978 sp r ||||1| mul d | ||
| 020 | _a84-500-2798-5 | ||
| 080 | _a556.3 | ||
| 080 | _a622.5 | ||
| 245 | 0 | 3 |
_aEl agua en la minería y trabajos subterráneos = _bWater in mining and underground works = L'eau dans les mines et travaux souterrain / _ceditor científico, R. Fernández-Rubio. |
| 260 |
_a[Madrid] : _bAsociación Nacional de Ingenieros de Minas : _bConsejo Superior de Colegios de Ingenieros de Minas, _c1978 ( _eGranada : _fArte) |
||
| 300 |
_a2 v. : _bil. ; _c22 cm. |
||
| 546 | _aTexto en español, inglés y francés. | ||
| 594 | _aPrecede al tít.: SIAMOS-78.Granada... | ||
| 650 | 4 |
_aAguas subterráneas. _9135536 |
|
| 650 | 4 |
_aMinas- _xDrenaje. _9166511 |
|
| 700 | 1 |
_aFernández-Rubio, Rafael. _950051 |
|
| 710 | 2 |
_aAsociación Nacional de Ingenieros de Minas de España _91760 |
|
| 710 | 2 |
_aConsejo Superior de Colegios de Ingenieros de Minas. _93232 |
|
| 852 | 4 |
_aES-MaACL _jC-38571-72 |
|
| 999 |
_c144128 _d144128 |
||